| 000 | 00866nam a2200289Ia 4500 | ||
|---|---|---|---|
| 003 | OSt | ||
| 005 | 20221007121357.0 | ||
| 006 | a|||||r|||| 00| 0 | ||
| 007 | ta | ||
| 008 | 221006b |||||||| |||| 00| 0 eng d | ||
| 020 | _a9788172338053 (hbk) | ||
| 024 | _a194819 | ||
| 037 |
_b48, 03/11/2015, Deepika book agency _cTextual |
||
| 040 |
_aBDL _cBDL _beng |
||
| 041 |
_2eng _aeng |
||
| 082 | _aG:5, Q3 Carb | ||
| 100 |
_aMisra R _964274 |
||
| 245 | 0 | _aEcology workbook | |
| 260 |
_aNew _bDelhi Scientific Publishers _c2013 |
||
| 300 |
_a244p. ill. _ccm. |
||
| 500 | _aAppendix A-E 227-240p.; Index 241-244p. | ||
| 650 |
_a Succession _9708009 |
||
| 650 |
_a Water cycle _9711701 |
||
| 650 |
_aNitrogen cycle _9711702 |
||
| 942 |
_hG:5, Q3 Carb _cTEXL _2CC |
||
| 999 |
_c1208806 _d1208806 |
||